Statistics for 「一回だけ使用されている文字」九州沖縄編 平成の大合併前版

Click here to take the quiz!

General Stats

  • This quiz has been taken 15 times
  • The average score is 45 of 63

Answer Stats

文字県名解答欄% Correct
福岡県宗像市
100%
沖縄県那覇市
100%
鹿児島県枕崎市
100%
鹿児島県指宿市
100%
鹿児島県薩摩町
100%
鹿児島県霧島町
100%
福岡県太宰府市
100%
長崎県諫早市
100%
熊本県球磨村
100%
沖縄県名護市
100%
沖縄県沖縄市
100%
沖縄県恩納村
93%
沖縄県読谷村
93%
鹿児島県頴娃町
93%
鹿児島県知覧町
93%
沖縄県宜野湾市
93%
鹿児島県隼人町
93%
鹿児島県喜界町
93%
佐賀県基山町
86%
鹿児島県姶良町
86%
鹿児島県与論町
86%
沖縄県今帰仁村
86%
鹿児島県宇検村
79%
沖縄県知念村
79%
宮崎県日之影町
79%
宮崎県三股町
79%
沖縄県伊是名村
79%
熊本県苓北町
79%
長崎県小値賀町
79%
熊本県産山村
79%
長崎県時津町
79%
福岡県浮羽町
71%
宮崎県高鍋町
71%
宮崎県都農町
71%
福岡県鞍手町
71%
鹿児島県開聞町
71%
鹿児島県伊集院町
71%
熊本県不知火町
71%
福岡県苅田町
71%
福岡県犀川町
64%
福岡県三潴町
57%
福岡県碓井町
57%
熊本県植木町
57%
佐賀県鎮西町
57%
佐賀県呼子町
57%
佐賀県川副町
50%
鹿児島県祁答院町
50%
長崎県上対馬町
50%
鹿児島県菱刈町
50%
熊本県泗水町
50%
大分県荻町
50%
大分県犬飼町
50%
長崎県江迎町
43%
鹿児島県輝北町
43%
鹿児島県末吉町
43%
熊本県岱明町
43%
鹿児島県笠沙町
43%
熊本県千丁町
43%
大分県安心院町
43%
大分県挾間町
43%
長崎県上県町
36%
大分県本匠村
21%
鹿児島県樋脇町
21%

Score Distribution

Percentile by Number Answered

Percent of People with Each Score

Your Score History

You have not taken this quiz